| 000 | 00572nam a2200193Ia 4500 | ||
|---|---|---|---|
| 005 | 20250923145635.0 | ||
| 008 | 008 250917s9999 xx 000 0 eng d | ||
| 037 | _aTextual | ||
| 040 |
_aDSWL _beng _cDSWL |
||
| 041 |
_aeng _2eng |
||
| 084 |
_aY31:7:7n2,N8, N84 _qDSWL |
||
| 100 |
_aCharyulu, U.V.N. _9837440 |
||
| 245 | 0 |
_aDirectory of NGOS in Rural Development _c by U.V.N.Charyulu |
|
| 260 |
_aHyderabad _bN.I.R.D. _c1984 |
||
| 300 | _aviii,285,3 p. | ||
| 365 | _aINR | ||
| 942 |
_cTEXL _hY31:7:7n2,N8, N84 |
||
| 999 |
_c1453804 _d1453804 |
||